Developing and Evaluating Educational Programs for Students with Autism

Recent years have witnessed a marked increase both in the number of children diagnosed with autism spectrum disorders (ASDs) and those placed alongside their typically developing peers in general education classrooms. These events bring with them a plethora of challenges, particularly in the areas o...

Full description

Bibliographic Details
Main Author: Magyar, Caroline I. (Author)
Corporate Author: SpringerLink (Online service)
Format: Electronic eBook
Language:English
Published: New York, NY : Springer New York, 2011.
Edition:1.
Subjects:
Online Access:Full Text via HEAL-Link
LEADER 04430nam a22005175i 4500
001 978-1-4419-6303-1
003 DE-He213
005 20151204154651.0
007 cr nn 008mamaa
008 101112s2011 xxu| s |||| 0|eng d
020 |a 9781441963031  |9 978-1-4419-6303-1 
024 7 |a 10.1007/978-1-4419-6303-1  |2 doi 
040 |d GrThAP 
050 4 |a BF721-723 
072 7 |a JMC  |2 bicssc 
072 7 |a PSY004000  |2 bisacsh 
082 0 4 |a 155.4  |2 23 
082 0 4 |a 155.424  |2 23 
100 1 |a Magyar, Caroline I.  |e author. 
245 1 0 |a Developing and Evaluating Educational Programs for Students with Autism  |h [electronic resource] /  |c by Caroline I. Magyar. 
250 |a 1. 
264 1 |a New York, NY :  |b Springer New York,  |c 2011. 
300 |a XXV, 297 p.  |b online resource. 
336 |a text  |b txt  |2 rdacontent 
337 |a computer  |b c  |2 rdamedia 
338 |a online resource  |b cr  |2 rdacarrier 
347 |a text file  |b PDF  |2 rda 
505 0 |a Dedication -- Preface -- Introduction -- Acknowledgements -- Section One: Overview of Autism Spectrum Disorders, Intervention Research, and Considerations in Developing an ASD Program -- Autism Spectrum Disorders in Children and Youth -- Educational Programming for Students with Autism Spectrum Disorders: A Review of the Literature and A Program Development Protocol -- Program Evaluation in Special Education: A Framework for the ASD Program Evaluation Protocol -- Section Two: The ASD Program Development and Evaluation Protocol: Developing and Maintaining the ASD Program Model -- Conducting the Needs Assessment -- ASD Program Development Action Planning -- ASD Staff Training Model -- ASD Classroom Development System: Designing an ASD Classroom -- Student Evaluation -- ASD Student Support Teams: Collaborative Teaming and Problem-Solving -- The ASD Family-School Collaborative Model -- The ASD Program Evaluation Protocol for Continuous Program Improvement -- Section Three: Applications of the ASD Program Development and Evaluation Protocol: A Selection of Case Examples -- Case Example: Inclusion Program Development -- Case Example: Redesigning a Specialized School -- Building Regional Capacity: Select Case Examples. 
520 |a Recent years have witnessed a marked increase both in the number of children diagnosed with autism spectrum disorders (ASDs) and those placed alongside their typically developing peers in general education classrooms. These events bring with them a plethora of challenges, particularly in the areas of program design and educational practices. Developing and Evaluating Educational Programs for Students with Autism offers systematic, evidence-based guidelines—as well as tools, checklists, and other resources—for creating effective learning environments for students across the autism spectrum and the grade span. Planning, development, implementation, and continuous evaluation are examined in detail in this practical volume, which features: An overview of the ASDs, with an emphasis on effective educational practice. In-depth discussion of the ASD Program Development and Evaluation Protocol. A staff training model for personnel working with students with ASD. A detailed framework for student support teams and family-school collaboration. Specific guidelines for conducting needs assessments and student evaluations. • Case examples of applications of the protocol on the program, school, and regional levels. Developing and Evaluating Educational Programs for Students with Autism is a uniquely rigorous and thorough reference benefiting school psychologists and special education professionals as well as those in allied educational and mental health fields, including clinical child, school, and developmental psychologists, psychiatrists, and other professionals working with children with autism. 
650 0 |a Psychology. 
650 0 |a Psychiatry. 
650 0 |a Education. 
650 0 |a Social work. 
650 0 |a Child psychology. 
650 0 |a School psychology. 
650 1 4 |a Psychology. 
650 2 4 |a Child and School Psychology. 
650 2 4 |a Education, general. 
650 2 4 |a Psychiatry. 
650 2 4 |a Social Work. 
710 2 |a SpringerLink (Online service) 
773 0 |t Springer eBooks 
776 0 8 |i Printed edition:  |z 9781441963024 
856 4 0 |u http://dx.doi.org/10.1007/978-1-4419-6303-1  |z Full Text via HEAL-Link 
912 |a ZDB-2-BHS 
950 |a Behavioral Science (Springer-11640)